000 01280cam a2200349 i 4500
001 58992
003 Mx-PuUPA
005 20250929150626.0
008 140415s2011 mx gr 000 0 spa d
020 _a9786074873030
040 _aMx-PuUPA
_bspa
_cMx-PuUPA
_dMx-PuUPA
_erda
041 0 _aspa
043 _an-mx---
043 _an-us---
100 1 _917443
_aGonzález Ramírez, Misael,
_eautor
245 1 3 _aLa historia de las organizaciones de mexicanos en Chicago a cien años de su llegada (1910-2010) /
_cMisael González Ramírez.
250 _aPrimera edición
264 1 _aPuebla, México :
_bBenemérita Universidad Autónoma de Puebla,
_c2011
300 _a90 páginas ;
_c17 cm
336 _atexto
_2rdacontent
_btxt
337 _asin medio
_2rdamedia
_bn
337 _avolume
_2rdacarrier
_bn
338 _2rdacarrier
_avolumen
_bnc
490 0 _aColección Tierra Compartida
650 7 _2armarc
_aMexicanos inmigrantes
_zEstados Unidos
651 4 _aMexico
_xEmigración e Inmigración
651 4 _aMexico
_xRelaciones exteriores
_zEstados Unidos
942 _2ddc
_cLI
_h327.72073
_iG63
999 _c58992
_d58992